[Event "22nd Capablanca Memorial group B"]
[Site "Camaguey CUB"]
[Date "1987.??.??"]
[Round "1"]
[White "Frey Beckman, Kenneth"]
[Black "Armas, Jorge"]
[Result "1/2-1/2"]
[WhiteElo "2430"]
[BlackElo "2455"]
[EventDate "1987.05.20"]
[PlyCount "123"]

1.Nf3 d5 2.d4 Bf5 3.c4 e6 4.cxd5 exd5 5.Nc3 Nc6 6.Bg5 Be7 7.Bxe7 Ngxe7 8.
e3 O-O 9.Rc1 Nc8 10.Qb3 Nb6 11.Be2 Bg4 12.O-O a5 13.Na4 Nxa4 14.Qxa4 Ne7 
15.Qc2 Bxf3 16.Bxf3 c6 17.Rfd1 f5 18.g3 Nc8 19.Rd3 Nd6 20.Rb3 Rf7 21.Bg2 
h5 22.f4 h4 23.gxh4 Qxh4 24.Qf2 Qh7 25.Kh1 Rf6 26.Rg1 Rh6 27.Bf3 Kf7 28.
Rc3 Rh8 29.Rc2 Nc4 30.Rg2 Re8 31.Re2 Rhe6 32.Rg3 Kf8 33.Bg2 Qh4 34.Kg1 Rh6
35.Rh3 Qxh3 36.Bxh3 Rxh3 37.Qg2 Rh4 38.Qf3 Re6 39.b3 Rg6+ 40.Kf1 Nd6 41.
Rg2 Rxg2 42.Qxg2 Kf7 43.Qd2 Ke6 44.Qg2 Rg4 45.Qh3 a4 46.bxa4 Kd7 47.Qh7 
Kc7 48.a5 Kb8 49.a6 bxa6 50.Qg8+ Kb7 51.Qf8 Rg6 52.h4 Kb6 53.h5 Rh6 54.
Qxg7 Rxh5 55.Qg6 Ne4 56.Kg2 Rh8 57.Qxf5 Rg8+ 58.Kh2 Rh8+ 59.Kg2 Rg8+ 60.
Kf3 Rg3+ 61.Ke2 Rg2+ 62.Kd1 1/2-1/2

[Event "22nd Capablanca Memorial group B"]
[Site "Camaguey CUB"]
[Date "1987.??.??"]
[Round "1"]
[White "Sieiro Gonzalez, Luis"]
[Black "Garcia, Gildardo"]
[Result "1/2-1/2"]
[WhiteElo "2430"]
[BlackElo "2440"]
[EventDate "1987.05.20"]
[PlyCount "118"]

1.e4 e5 2.Nf3 Nc6 3.Bb5 a6 4.Bxc6 dxc6 5.d4 exd4 6.Qxd4 Bg4 7.Qxd8+ Rxd8 
8.Be3 Bd6 9.Nbd2 f6 10.Nd4 c5 11.Ne2 Ne7 12.Nf4 O-O 13.h3 Bc8 14.O-O-O 
Rfe8 15.Rhe1 Kf7 16.Nd3 b6 17.Bf4 Bb7 18.f3 Ng6 19.Bxd6 cxd6 20.Nc4 b5 21.
Ne3 c4 22.Nb4 Nf4 23.Rd2 a5 24.Nbd5 Nxd5 25.Nxd5 f5 26.a4 b4 27.c3 fxe4 
28.fxe4 Re5 29.Nb6 Rxe4 30.Rxe4 Bxe4 31.Nxc4 d5 32.Nxa5 bxc3 33.bxc3 Ra8 
34.Rf2+ Ke7 35.Nc6+ Kd6 36.Nd4 Rxa4 37.Kb2 Ra8 38.g3 Rb8+ 39.Kc1 Kc5 40.
Rb2 Rxb2 41.Kxb2 Kc4 42.Ne6 g6 43.g4 h6 44.h4 Kd3 45.Nd8 Ke3 46.Nf7 h5 47.
gxh5 gxh5 48.Kc1 Kf4 49.Kd2 Kg3 50.Nd6 Kxh4 51.c4 Kg5 52.Ke3 Bh1 53.cxd5 
Bxd5 54.Nb5 h4 55.Kf2 Kf4 56.Nc3 Bf3 57.Ne2+ Bxe2 58.Kxe2 h3 59.Kf2 h2 
1/2-1/2

[Event "22nd Capablanca Memorial group B"]
[Site "Camaguey CUB"]
[Date "1987.??.??"]
[Round "1"]
[White "Knezevic, Milorad"]
[Black "Diaz Diaz, Joaquin"]
[Result "1/2-1/2"]
[WhiteElo "2445"]
[BlackElo "2375"]
[EventDate "1987.05.20"]
[PlyCount "83"]

1.d4 d5 2.Nf3 e6 3.Bf4 Bd6 4.e3 Nf6 5.Nbd2 O-O 6.Bd3 Bxf4 7.exf4 Qd6 8.g3 
b6 9.Qe2 c5 10.Qe5 Qe7 11.c3 Nc6 12.Qe3 cxd4 13.Nxd4 Nxd4 14.Qxd4 Nd7 15.
O-O Bb7 16.Rfe1 Rae8 17.Bb5 Rd8 18.f5 Nc5 19.f3 Qg5 20.fxe6 Nxe6 21.Rxe6 
fxe6 22.f4 Qg6 23.Re1 Rf6 24.Be2 Qf5 25.Bd3 Qh5 26.Be2 Qe8 27.Bf1 Qc6 28.
Ne4 dxe4 29.Qxd8+ Rf8 30.Qd2 e5 31.Bg2 Qc5+ 32.Qf2 Qc4 33.f5 g6 34.f6 Qe6 
35.Bxe4 Bxe4 36.Rxe4 Rxf6 37.Qe2 Rf5 38.g4 Rf8 39.Rxe5 Qxa2 40.Re7 Qd5 41.
Qe6+ Qxe6 42.Rxe6 1/2-1/2

[Event "22nd Capablanca Memorial group B"]
[Site "Camaguey CUB"]
[Date "1987.??.??"]
[Round "1"]
[White "Estevez Morales, Guillermo"]
[Black "Arencibia Rodriguez, Walter"]
[Result "1-0"]
[WhiteElo "2395"]
[BlackElo "2420"]
[EventDate "1987.05.20"]
[PlyCount "109"]

1.e4 e6 2.Nf3 d5 3.Nc3 Nf6 4.e5 Ne4 5.Ne2 Bc5 6.d4 Be7 7.Ng3 c5 8.Bd3 Nxg3
9.hxg3 Nc6 10.dxc5 Bxc5 11.Qe2 Bd7 12.c3 Qc7 13.Be3 Bxe3 14.Qxe3 O-O-O 15.
O-O-O d4 16.Nxd4 Qxe5 17.Qxe5 Nxe5 18.Be2 h6 19.f4 Ng6 20.Bh5 e5 21.Ne2 
exf4 22.Bxg6 fxg6 23.gxf4 Bc6 24.Rhg1 Rdf8 25.g3 g5 26.fxg5 hxg5 27.Rd2 
Rh1 28.Rxh1 Bxh1 29.Nd4 Rf6 30.b3 a6 31.Rh2 Rh6 32.Re2 Rh3 33.Re3 g4 34.
Kd2 Rh2+ 35.Kd3 Kd7 36.a4 Rf2 37.a5 Bg2 38.Re5 Rf7 39.Rg5 Bf3 40.Rg6 Re7 
41.Kd2 Ke8 42.Rg5 Rf7 43.b4 Kd7 44.c4 Kd6 45.Rg6+ Kd7 46.Ne6 Re7 47.Nxg7 
Re2+ 48.Kd3 Be4+ 49.Kxe2 Bxg6 50.Ke3 Ke7 51.c5 Kf6 52.b5 Ke5 53.c6 bxc6 
54.b6 Kd6 55.Ne6 1-0

[Event "22nd Capablanca Memorial group B"]
[Site "Camaguey CUB"]
[Date "1987.??.??"]
[Round "1"]
[White "Lebredo Zarragoitia, Gerardo"]
[Black "Garcia Martinez, Silvino"]
[Result "0-1"]
[WhiteElo "2395"]
[BlackElo "2455"]
[EventDate "1987.05.20"]
[PlyCount "50"]

1.d4 Nf6 2.Nf3 g6 3.c4 Bg7 4.Nc3 O-O 5.Bg5 c5 6.e3 d6 7.Be2 Na6 8.O-O h6 
9.Bh4 g5 10.Bg3 Nh5 11.d5 Nxg3 12.hxg3 Nc7 13.Qc2 e6 14.dxe6 Bxe6 15.Rad1 
Qe7 16.Rfe1 f5 17.Bf1 Rad8 18.e4 f4 19.Nd5 Bxd5 20.exd5 Qd7 21.Re4 fxg3 
22.fxg3 Rde8 23.Rxe8 Rxe8 24.Qg6 Qf7 25.Qxd6 Bf8 0-1

[Event "22nd Capablanca Memorial group B"]
[Site "Camaguey CUB"]
[Date "1987.??.??"]
[Round "2"]
[White "Zaichik, Gennady"]
[Black "Garcia Martinez, Silvino"]
[Result "1/2-1/2"]
[WhiteElo "2500"]
[BlackElo "2455"]
[EventDate "1987.05.20"]
[PlyCount "66"]

1.d4 Nf6 2.c4 g6 3.Nc3 d5 4.Nf3 Bg7 5.Bg5 dxc4 6.e3 c5 7.Bxc4 cxd4 8.exd4 
O-O 9.h3 Nbd7 10.O-O Nb6 11.Bb3 Nbd5 12.Nxd5 Nxd5 13.Qd2 a5 14.Rfe1 a4 15.
Bxd5 Qxd5 16.Bxe7 Re8 17.Qf4 Bf5 18.Re3 h6 19.Qd6 Red8 20.Qa3 Rdc8 21.Bc5 
Be4 22.Rae1 Bxf3 23.Rxf3 Bxd4 24.Bxd4 Qxd4 25.Qe7 Qd5 26.a3 Ra5 27.Rfe3 
Rb5 28.Qf6 Qc6 29.Re6 fxe6 30.Qxg6+ Kf8 31.Qf6+ Kg8 32.Qg6+ Kf8 33.Qf6+ 
Kg8 1/2-1/2

[Event "22nd Capablanca Memorial group B"]
[Site "Camaguey CUB"]
[Date "1987.??.??"]
[Round "2"]
[White "Diaz Diaz, Joaquin"]
[Black "Andres Mendez, Miguel"]
[Result "1-0"]
[WhiteElo "2375"]
[BlackElo "2400"]
[EventDate "1987.05.20"]
[PlyCount "66"]

1.e4 c5 2.Nf3 Nc6 3.d4 cxd4 4.Nxd4 g6 5.c4 Nf6 6.Nc3 d6 7.Be2 Nxd4 8.Qxd4 
Bg7 9.Be3 O-O 10.Qd2 Be6 11.Rc1 Qa5 12.O-O a6 13.a3 Rfc8 14.b4 Qd8 15.c5 
dxc5 16.Qxd8+ Rxd8 17.Bxc5 Kf8 18.f4 Nd7 19.Be3 Rac8 20.e5 Bc4 21.Bxc4 
Rxc4 22.Na4 Rcc8 23.Nb6 Rc6 24.Rxc6 bxc6 25.Na4 Ke8 26.Rc1 Rc8 27.Kf2 e6 
28.Bd4 f6 29.exf6 Nxf6 30.Kf3 Kf7 31.Nc5 Rd8 32.Rc4 Ra8 33.Nb3 Rc8 1-0

[Event "22nd Capablanca Memorial group B"]
[Site "Camaguey CUB"]
[Date "1987.??.??"]
[Round "2"]
[White "Garcia, Gildardo"]
[Black "Knezevic, Milorad"]
[Result "0-1"]
[WhiteElo "2440"]
[BlackElo "2445"]
[EventDate "1987.05.20"]
[PlyCount "80"]

1.e4 e5 2.Nf3 Nc6 3.Bb5 Nf6 4.O-O Nxe4 5.d4 Be7 6.Qe2 Nd6 7.Bxc6 bxc6 8.
dxe5 Nb7 9.Nc3 O-O 10.Be3 Nc5 11.Rfd1 Ne6 12.Nd4 Qe8 13.Nxe6 fxe6 14.Ne4 
Rf5 15.f4 Qf8 16.Qc4 Rb8 17.a3 Rxb2 18.Rdb1 Rxb1+ 19.Rxb1 Qe8 20.Ng3 Rf8 
21.a4 a6 22.f5 d5 23.exd6 Bxd6 24.Bf2 Qf7 25.Qxc6 exf5 26.Bd4 Qg6 27.Re1 
f4 28.Qd5+ Qf7 29.Qxf7+ Kxf7 30.Ne4 Be7 31.Be5 Bd7 32.a5 Bb4 33.Rd1 Bf5 
34.Bc3 Be7 35.Rd4 Re8 36.Kf2 g5 37.h3 h5 38.Rc4 g4 39.hxg4 hxg4 40.g3 Bxe4
0-1

[Event "22nd Capablanca Memorial group B"]
[Site "Camaguey CUB"]
[Date "1987.??.??"]
[Round "2"]
[White "Matamoros Franco, Carlos"]
[Black "Frey Beckman, Kenneth"]
[Result "0-1"]
[WhiteElo "2395"]
[BlackElo "2430"]
[EventDate "1987.05.20"]
[PlyCount "125"]

1.d4 Nf6 2.c4 e6 3.Nf3 d5 4.Nc3 c5 5.cxd5 Nxd5 6.e3 Nc6 7.Bd3 Be7 8.O-O 
O-O 9.a3 cxd4 10.exd4 Bf6 11.Be4 Nce7 12.Qd3 g6 13.Bh6 Bg7 14.Bxg7 Kxg7 
15.Rac1 Bd7 16.Bxd5 exd5 17.Rfe1 Re8 18.Re5 f6 19.Re2 Bc6 20.Rce1 Qd7 21.
Qd2 Nf5 22.Qf4 Nd6 23.Rxe8 Rxe8 24.Rxe8 Nxe8 25.Ne1 Nd6 26.f3 g5 27.Qd2 
Nc4 28.Qc1 Qf5 29.a4 Kf7 30.b3 Na5 31.b4 Nc4 32.b5 Bd7 33.Qc2 Ne3 34.Qxf5 
Nxf5 35.Nc2 Ke6 36.g4 Ne7 37.Nb4 Kd6 38.Kf2 f5 39.h3 f4 40.Nd3 Be8 41.Nb4 
h5 42.Ke2 h4 43.Kf2 Bf7 44.a5 Be8 45.Ke1 Bd7 46.Kd2 Be6 47.Ke1 Ng8 48.a6 
b6 49.Nc6 Bd7 50.Nxa7 Ne7 51.Na2 Kc7 52.Nb4 Be8 53.Kd2 Bd7 54.Kc3 Be8 55.
Nac6 Nxc6 56.Nxc6 Bg6 57.Kb4 Bd3 58.Ne7 Bf1 59.Nxd5+ Kb8 60.Nxb6 Bxh3 61.
Nd7+ Ka7 62.Ka5 Bf1 63.b6+ 0-1

[Event "22nd Capablanca Memorial group B"]
[Site "Camaguey CUB"]
[Date "1987.??.??"]
[Round "3"]
[White "Frey Beckman, Kenneth"]
[Black "Zaichik, Gennady"]
[Result "0-1"]
[WhiteElo "2430"]
[BlackElo "2500"]
[EventDate "1987.05.20"]
[PlyCount "90"]

1.Nf3 d6 2.d4 Nf6 3.c4 c6 4.e3 Bg4 5.Be2 Nbd7 6.Nc3 e5 7.Qc2 Be7 8.b3 O-O 
9.Bb2 Re8 10.O-O Bf8 11.Rfe1 e4 12.Nd2 Bxe2 13.Rxe2 d5 14.f3 exf3 15.gxf3 
Nh5 16.Nf1 Ndf6 17.Rd1 Qd7 18.Rg2 Qh3 19.Qf2 Re6 20.Ne2 Rae8 21.Neg3 g6 
22.Nxh5 Qxh5 23.c5 Ne4 24.Qe2 Ng5 25.Rg3 f5 26.Qg2 Bh6 27.Rd2 Rxe3 28.Nxe3
Rxe3 29.Re2 Ne4 30.Rxe3 Bxe3+ 31.Kf1 Nxg3+ 32.hxg3 Bh6 33.Ke2 Qg5 34.Kd1 
Kf7 35.Qf2 Qe3 36.Qxe3 Bxe3 37.Ke2 Bg5 38.a4 h5 39.f4 Bf6 40.a5 g5 41.Kf3 
Kg6 42.Kg2 Bd8 43.b4 Bc7 44.Bc1 h4 45.gxh4 g4 0-1

[Event "22nd Capablanca Memorial group B"]
[Site "Camaguey CUB"]
[Date "1987.??.??"]
[Round "3"]
[White "Sieiro Gonzalez, Luis"]
[Black "Matamoros Franco, Carlos"]
[Result "1/2-1/2"]
[WhiteElo "2430"]
[BlackElo "2395"]
[EventDate "1987.05.20"]
[PlyCount "37"]

1.e4 e6 2.d4 d5 3.Nc3 Bb4 4.exd5 exd5 5.Bd3 c5 6.dxc5 Nc6 7.Nf3 Bxc5 8.O-O
Nge7 9.h3 O-O 10.Bg5 a6 11.Qd2 f6 12.Bf4 Be6 13.a3 Bf7 14.Rad1 Qd7 15.Rfe1
Rad8 16.b4 Ba7 17.Na4 Rfe8 18.Nc5 Qc8 19.c3 1/2-1/2

[Event "22nd Capablanca Memorial group B"]
[Site "Camaguey CUB"]
[Date "1987.??.??"]
[Round "3"]
[White "Knezevic, Milorad"]
[Black "Armas, Jorge"]
[Result "1-0"]
[WhiteElo "2445"]
[BlackElo "2455"]
[EventDate "1987.05.20"]
[PlyCount "99"]

1.d4 c5 2.e3 cxd4 3.exd4 d5 4.Bd3 Nc6 5.c3 g6 6.Nf3 Nh6 7.Bf4 Bf5 8.Be2 f6
9.O-O Bg7 10.c4 Bxb1 11.Rxb1 O-O 12.b4 Nf5 13.b5 Ncxd4 14.Nxd4 Nxd4 15.
Qxd4 e5 16.Bxe5 fxe5 17.Qxd5+ Qxd5 18.cxd5 Rf6 19.Rbc1 Bf8 20.Bg4 Bd6 21.
g3 Kg7 22.Kg2 Raf8 23.f3 h5 24.Bc8 R6f7 25.Be6 Rc7 26.Rxc7+ Bxc7 27.Rc1 
Bd6 28.a4 b6 29.Rc6 Rd8 30.Kf2 Kf6 31.Ke3 Ke7 32.Ke4 h4 33.a5 hxg3 34.hxg3
bxa5 35.Ra6 Bb8 36.Rxa5 Rh8 37.Ra6 Rh1 38.Bg8 Re1+ 39.Kd3 Rb1 40.d6+ Kd8 
41.Ke4 Rxb5 42.Bd5 Rb6 43.Rxb6 axb6 44.Kxe5 g5 45.g4 b5 46.Kf5 Bxd6 47.
Kxg5 Ke7 48.f4 Kf8 49.f5 Kg7 50.f6+ 1-0

[Event "22nd Capablanca Memorial group B"]
[Site "Camaguey CUB"]
[Date "1987.??.??"]
[Round "3"]
[White "Andres Mendez, Miguel"]
[Black "Garcia, Gildardo"]
[Result "1-0"]
[WhiteElo "2400"]
[BlackElo "2440"]
[EventDate "1987.05.20"]
[PlyCount "47"]

1.e4 e5 2.Nf3 Nc6 3.Nc3 Nf6 4.d4 exd4 5.Nxd4 Bb4 6.Nxc6 bxc6 7.Bd3 d5 8.
exd5 cxd5 9.O-O c6 10.Bg5 O-O 11.Qf3 Be7 12.Rae1 h6 13.Bxh6 gxh6 14.Qe3 
Bd6 15.Qxh6 Rb8 16.Re3 Rb4 17.Qg5+ Kh8 18.Qh6+ Kg8 19.Rf3 Ne4 20.Bxe4 dxe4
21.Rf6 Bxh2+ 22.Kxh2 Re8 23.Rh1 e3 24.Kg3 1-0

[Event "22nd Capablanca Memorial group B"]
[Site "Camaguey CUB"]
[Date "1987.??.??"]
[Round "3"]
[White "Estevez Morales, Guillermo"]
[Black "Diaz Diaz, Joaquin"]
[Result "0-1"]
[WhiteElo "2395"]
[BlackElo "2375"]
[EventDate "1987.05.20"]
[PlyCount "141"]

1.d4 d5 2.c4 e6 3.Nc3 Be7 4.Nf3 Nf6 5.Bg5 O-O 6.e3 h6 7.Bxf6 Bxf6 8.Rc1 c6
9.Bd3 Nd7 10.O-O b6 11.Qe2 Bb7 12.Rfd1 Re8 13.e4 dxc4 14.Bxc4 b5 15.Bd3 
Qb6 16.e5 Be7 17.Qe4 Nf8 18.Qg4 c5 19.Nxb5 Red8 20.Nd6 Bxd6 21.exd6 cxd4 
22.Rc7 Rxd6 23.Rxb7 Qxb7 24.Be4 Rd5 25.Bxd5 Qxd5 26.Qxd4 Qxa2 27.Ne5 Rc8 
28.g3 Qb3 29.Re1 a6 30.Qa7 f6 31.Qxa6 Qxb2 32.Nd3 Qd4 33.Nf4 Rc2 34.Rf1 
Qc4 35.Qa8 Qc6 36.Qb8 Rc1 37.Rxc1 Qxc1+ 38.Kg2 Qc6+ 39.Kg1 Kf7 40.Qb1 g5 
41.Ng2 Ng6 42.Ne3 Kg7 43.Qb4 h5 44.Qc4 Qb6 45.Qc8 Ne5 46.Qe8 Qb1+ 47.Kg2 
Qb7+ 48.Kf1 Qa6+ 49.Kg2 g4 50.Qe7+ Nf7 51.h4 f5 52.Qc7 Kf6 53.Qc3+ Ne5 54.
Qd4 Qa5 55.Qb2 Qa8+ 56.Kf1 Qh1+ 57.Ke2 Qe4 58.Kf1 Kf7 59.Qb8 Qh1+ 60.Ke2 
Qf3+ 61.Kf1 Nd3 62.Qc7+ Kg6 63.Qc2 Qh1+ 64.Ke2 Nxf2 65.Qc8 Qf3+ 66.Kd2 
Ne4+ 67.Kd3 Nf6 68.Qxe6 Qe4+ 69.Qxe4 Nxe4 70.Nf1 Kf6 71.Kd4 0-1

[Event "22nd Capablanca Memorial group B"]
[Site "Camaguey CUB"]
[Date "1987.??.??"]
[Round "3"]
[White "Garcia Martinez, Silvino"]
[Black "Arencibia Rodriguez, Walter"]
[Result "1/2-1/2"]
[WhiteElo "2455"]
[BlackElo "2420"]
[EventDate "1987.05.20"]
[PlyCount "26"]

1.d4 d5 2.c4 e6 3.Nc3 Nf6 4.Nf3 Be7 5.cxd5 exd5 6.Bg5 c6 7.e3 O-O 8.Bd3 
Nbd7 9.O-O Re8 10.Qc2 Nf8 11.Bxf6 Bxf6 12.b4 Bg4 13.Nd2 Rc8 1/2-1/2

[Event "22nd Capablanca Memorial group B"]
[Site "Camaguey CUB"]
[Date "1987.??.??"]
[Round "4"]
[White "Diaz Diaz, Joaquin"]
[Black "Lebredo Zarragoitia, Gerardo"]
[Result "1-0"]
[WhiteElo "2375"]
[BlackElo "2395"]
[EventDate "1987.05.20"]
[PlyCount "85"]

1.e4 c5 2.Nf3 e6 3.d4 cxd4 4.Nxd4 d6 5.c4 Nf6 6.Nc3 b6 7.g3 Bb7 8.Bg2 a6 
9.O-O Qc7 10.Qe2 Be7 11.Bd2 O-O 12.Rfe1 Nbd7 13.Rac1 Rfe8 14.g4 g6 15.Nc2 
Ne5 16.Ne3 g5 17.b3 Nfd7 18.Na4 Nc5 19.Nxc5 dxc5 20.Nf1 Red8 21.Rc3 Qd7 
22.Rh3 f6 23.Rh5 Ng6 24.e5 Bxg2 25.Kxg2 Qc6+ 26.Kg1 Nxe5 27.Rxg5+ fxg5 28.
Qxe5 Qd6 29.Qxe6+ Qxe6 30.Rxe6 Ra7 31.Rxb6 Rad7 32.Be3 Rd6 33.Rxd6 Bxd6 
34.Bxg5 Re8 35.Be3 Kf7 36.Nd2 Kg6 37.Kg2 Kf7 38.h3 Kg6 39.Kf3 Kf7 40.Ne4 
Bf8 41.Bxc5 Rxe4 42.Kxe4 Bxc5 43.f4 1-0

[Event "22nd Capablanca Memorial group B"]
[Site "Camaguey CUB"]
[Date "1987.??.??"]
[Round "4"]
[White "Armas, Jorge"]
[Black "Andres Mendez, Miguel"]
[Result "0-1"]
[WhiteElo "2455"]
[BlackElo "2400"]
[EventDate "1987.05.20"]
[PlyCount "36"]

1.d4 c5 2.dxc5 e6 3.Nc3 Nf6 4.e4 Nc6 5.Nf3 Bxc5 6.Bd3 d5 7.exd5 exd5 8.Bg5
O-O 9.O-O h6 10.Bxf6 Qxf6 11.Nxd5 Qxb2 12.h3 Rd8 13.Rb1 Qxa2 14.Nc7 Rb8 
15.Qe1 Qa4 16.c4 Rxd3 17.Qe8+ Bf8 18.Ne5 Be6 0-1

[Event "22nd Capablanca Memorial group B"]
[Site "Camaguey CUB"]
[Date "1987.??.??"]
[Round "4"]
[White "Frey Beckman, Kenneth"]
[Black "Sieiro Gonzalez, Luis"]
[Result "1/2-1/2"]
[WhiteElo "2430"]
[BlackElo "2430"]
[EventDate "1987.05.20"]
[PlyCount "45"]

1.Nf3 d5 2.d4 Nf6 3.c4 e6 4.Nc3 Be7 5.Bg5 Nbd7 6.e3 O-O 7.Rc1 h6 8.Bh4 c6 
9.Bd3 dxc4 10.Bxc4 b5 11.Bd3 a6 12.a4 bxa4 13.Nxa4 Qa5+ 14.Nd2 Bb4 15.Nc3 
c5 16.Nb3 Qd8 17.O-O cxd4 18.Nxd4 Bb7 19.Bg3 Nc5 20.Bb1 Nce4 21.Nxe4 Nxe4 
22.Bxe4 Bxe4 23.Nc6 1/2-1/2

[Event "22nd Capablanca Memorial group B"]
[Site "Camaguey CUB"]
[Date "1987.??.??"]
[Round "5"]
[White "Sieiro Gonzalez, Luis"]
[Black "Zaichik, Gennady"]
[Result "0-1"]
[WhiteElo "2430"]
[BlackElo "2500"]
[EventDate "1987.05.20"]
[PlyCount "80"]

1.d4 d6 2.e4 g6 3.Nf3 Nf6 4.Nc3 Bg7 5.Be2 O-O 6.O-O c6 7.Re1 Qc7 8.a4 e5 
9.dxe5 dxe5 10.Bc4 Nbd7 11.a5 Nc5 12.h3 Rd8 13.Qe2 h6 14.Be3 Ne6 15.Bxe6 
Bxe6 16.Nd2 b5 17.axb6 axb6 18.Ra6 Nd7 19.Rea1 Qb7 20.b4 b5 21.Ra7 Rxa7 
22.Rxa7 Qb8 23.Ncb1 Bf8 24.c3 Nf6 25.f3 Nh5 26.Ra3 Nf4 27.Qf1 Rd7 28.h4 
Qd8 29.g3 Nd3 30.Kh2 f5 31.Ra7 f4 32.Rxd7 Qxd7 33.gxf4 Qd8 34.Bf2 exf4 35.
Qg1 Ne5 36.h5 Ba2 37.Qg2 Bxb1 38.Nxb1 Qd1 39.Qh1 Qe2 40.Qg2 Nxf3+ 0-1

[Event "22nd Capablanca Memorial group B"]
[Site "Camaguey CUB"]
[Date "1987.??.??"]
[Round "5"]
[White "Knezevic, Milorad"]
[Black "Frey Beckman, Kenneth"]
[Result "1-0"]
[WhiteElo "2445"]
[BlackElo "2430"]
[EventDate "1987.05.20"]
[PlyCount "97"]

1.d4 d5 2.Nf3 Nf6 3.Bg5 Ne4 4.Bf4 c5 5.e3 Qb6 6.Qc1 Nc6 7.c3 Bd7 8.Be2 Rc8
9.O-O e6 10.Nbd2 Be7 11.Nxe4 dxe4 12.dxc5 Bxc5 13.Nd2 e5 14.Bg3 f5 15.b4 
Bxe3 16.fxe3 Qxe3+ 17.Rf2 f4 18.Nc4 Qxc1+ 19.Rxc1 fxg3 20.Nd6+ Ke7 21.
Nxc8+ Rxc8 22.Rff1 gxh2+ 23.Kxh2 Be6 24.a3 Nd8 25.Rfe1 Nf7 26.c4 a5 27.c5 
axb4 28.axb4 Ng5 29.Red1 Rf8 30.Kg1 Bb3 31.Rd6 Rf6 32.Rb6 Rxb6 33.cxb6 Ne6
34.Kf2 Kd6 35.Ke3 Nf4 36.Ba6 Nxg2+ 37.Kd2 e3+ 38.Ke2 Nf4+ 39.Kxe3 Nd5+ 40.
Kd2 Nxb6 41.Bxb7 Bc4 42.Kc3 g6 43.Rd1+ Kc7 44.Be4 Na4+ 45.Kc2 Kb6 46.Rd7 
h5 47.Bxg6 h4 48.Be8 Bb5 49.Re7 1-0

[Event "22nd Capablanca Memorial group B"]
[Site "Camaguey CUB"]
[Date "1987.??.??"]
[Round "5"]
[White "Andres Mendez, Miguel"]
[Black "Matamoros Franco, Carlos"]
[Result "1-0"]
[WhiteElo "2400"]
[BlackElo "2395"]
[EventDate "1987.05.20"]
[PlyCount "71"]

1.e4 e6 2.d4 d5 3.Nc3 Bb4 4.Bd3 c5 5.a3 Bxc3+ 6.bxc3 c4 7.Bf1 Ne7 8.e5 
Nbc6 9.Ne2 Qa5 10.g3 Bd7 11.Bg2 O-O-O 12.O-O f6 13.exf6 gxf6 14.Qd2 h5 15.
Nf4 Kb8 16.Rb1 Bc8 17.Qe2 e5 18.Nxh5 Qxc3 19.Nxf6 Qxd4 20.Rd1 Qc5 21.a4 a6
22.Be3 d4 23.Bg5 Na5 24.Re1 d3 25.cxd3 cxd3 26.Qxe5+ Qxe5 27.Rxe5 Nec6 28.
Rc5 Ka8 29.Bd2 Rhf8 30.Nd5 Bg4 31.Ne3 Be2 32.Bxa5 Nxa5 33.Rxa5 d2 34.Rd5 
Rxd5 35.Bxd5 Rd8 36.Bb3 1-0

[Event "22nd Capablanca Memorial group B"]
[Site "Camaguey CUB"]
[Date "1987.??.??"]
[Round "5"]
[White "Lebredo Zarragoitia, Gerardo"]
[Black "Garcia, Gildardo"]
[Result "1/2-1/2"]
[WhiteElo "2395"]
[BlackElo "2440"]
[EventDate "1987.05.20"]
[PlyCount "122"]

1.Nf3 Nf6 2.b3 c5 3.Bb2 e6 4.c4 Be7 5.g3 b6 6.Bg2 Bb7 7.O-O O-O 8.d3 d5 9.
e3 Nbd7 10.Nbd2 Qc7 11.Rc1 Rac8 12.Qe2 Rfd8 13.Rfd1 Qb8 14.cxd5 Nxd5 15.
Nc4 Bf6 16.d4 cxd4 17.Nxd4 Ne5 18.Nxe5 Bxe5 19.a3 g6 20.Nf3 Ba6 21.Rxc8 
Qxc8 22.Qd2 Bxb2 23.Qxb2 Nf4 24.Rxd8+ Qxd8 25.Qd2 Ne2+ 26.Kh1 Qf6 27.h4 h6
28.e4 Kg7 29.Kh2 e5 30.Qd5 Nd4 31.Nxd4 exd4 32.f4 d3 33.e5 Qe7 34.Qd4 Qe6 
35.Bd5 Qe7 36.e6+ Qf6 37.Qxf6+ Kxf6 38.exf7 Ke7 39.Kg1 d2 40.Bf3 Bb7 41.
Bd1 Kxf7 42.Kf2 Kf6 43.Ke3 h5 44.Kxd2 Bd5 45.b4 Kf5 46.Ke3 Bf7 47.Kd4 Ba2 
48.Bc2+ Kf6 49.Be4 Bb3 50.Bg2 Bf7 51.Bh3 Bb3 52.g4 hxg4 53.Bxg4 Bf7 54.Bd7
Ke7 55.Bh3 Kf6 56.Ke4 Bb3 57.f5 gxf5+ 58.Kf4 Be6 59.Bf1 Bf7 60.Ba6 Be6 61.
Bd3 Bd7 1/2-1/2

[Event "22nd Capablanca Memorial group B"]
[Site "Camaguey CUB"]
[Date "1987.??.??"]
[Round "5"]
[White "Garcia Martinez, Silvino"]
[Black "Diaz Diaz, Joaquin"]
[Result "1/2-1/2"]
[WhiteElo "2455"]
[BlackElo "2375"]
[EventDate "1987.05.20"]
[PlyCount "47"]

1.d4 d5 2.c4 e6 3.Nc3 Be7 4.Nf3 Nf6 5.Bg5 O-O 6.e3 h6 7.Bxf6 Bxf6 8.Rc1 c6
9.Bd3 Nd7 10.O-O dxc4 11.Bxc4 b6 12.Qe2 Bb7 13.Rfd1 b5 14.Bd3 Qb6 15.Ne4 
Be7 16.Bb1 Rfd8 17.Qc2 f5 18.Nc3 c5 19.d5 Nf6 20.dxe6 Ne4 21.Rd7 Re8 22.
Nd5 Bxd5 23.Rxd5 Qxe6 24.Re5 1/2-1/2

[Event "22nd Capablanca Memorial group B"]
[Site "Camaguey CUB"]
[Date "1987.??.??"]
[Round "6"]
[White "Diaz Diaz, Joaquin"]
[Black "Arencibia Rodriguez, Walter"]
[Result "1-0"]
[WhiteElo "2375"]
[BlackElo "2420"]
[EventDate "1987.05.20"]
[PlyCount "57"]

1.e4 e6 2.d4 d5 3.Nc3 Bb4 4.a3 Bxc3+ 5.bxc3 dxe4 6.Qg4 Nf6 7.Qxg7 Rg8 8.
Qh6 Rg6 9.Qd2 Nc6 10.Bb2 b6 11.c4 Bb7 12.Ne2 Qd6 13.O-O-O O-O-O 14.Nf4 
Rgg8 15.g3 Ne7 16.Bg2 Ng6 17.Nxg6 Rxg6 18.Qe2 Qc6 19.d5 exd5 20.cxd5 Nxd5 
21.Bxe4 Rgd6 22.Be5 Rh6 23.Qg4+ Kb8 24.Qg5 Rhd6 25.Bxd6 Qxd6 26.Rd3 f6 27.
Qf5 c6 28.Bxd5 cxd5 29.Qf4 1-0

[Event "22nd Capablanca Memorial group B"]
[Site "Camaguey CUB"]
[Date "1987.??.??"]
[Round "6"]
[White "Matamoros Franco, Carlos"]
[Black "Estevez Morales, Guillermo"]
[Result "1/2-1/2"]
[WhiteElo "2395"]
[BlackElo "2395"]
[EventDate "1987.05.20"]
[PlyCount "33"]

1.d4 Nf6 2.c4 e6 3.Nf3 c5 4.d5 exd5 5.cxd5 g6 6.Nc3 Bg7 7.Bg5 O-O 8.e3 d6 
9.Nd2 Nbd7 10.Be2 Re8 11.O-O h6 12.Bh4 a6 13.a4 g5 14.Bg3 Ne5 15.Qc2 Rb8 
16.a5 Qe7 17.Ra3 1/2-1/2

[Event "22nd Capablanca Memorial group B"]
[Site "Camaguey CUB"]
[Date "1987.??.??"]
[Round "6"]
[White "Sieiro Gonzalez, Luis"]
[Black "Knezevic, Milorad"]
[Result "1-0"]
[WhiteElo "2430"]
[BlackElo "2445"]
[EventDate "1987.05.20"]
[PlyCount "95"]

1.e4 g6 2.d4 Bg7 3.Nf3 d6 4.Nc3 c6 5.Be2 Nf6 6.O-O O-O 7.Re1 Nbd7 8.Bf4 b5
9.e5 Nh5 10.Bg5 Nb6 11.exd6 Qxd6 12.Ne4 Qc7 13.c3 Nf6 14.Nxf6+ exf6 15.Bh4
f5 16.Qc1 Be6 17.Bg3 Qd8 18.Ne5 Rc8 19.Nd3 Bd5 20.Bf1 Re8 21.Rxe8+ Qxe8 
22.b3 Nd7 23.Qa3 c5 24.dxc5 Bxc3 25.Rc1 Bf6 26.Nb4 Qe4 27.Nxd5 Qxd5 28.
Bxb5 Rxc5 29.Rxc5 Qxc5 30.Qxc5 Nxc5 31.Bb8 Bd4 32.Bxa7 Nxb3 33.Bxd4 Nxd4 
34.a4 f4 35.Bc4 f3 36.g3 Kf8 37.a5 Ke7 38.a6 Nc6 39.Bd5 Na7 40.Bxf3 Kd6 
41.Be2 g5 42.Kg2 Ke5 43.Kf3 f5 44.Ke3 f4+ 45.gxf4+ gxf4+ 46.Kd3 Nc6 47.Kc4
Kd6 48.Bf3 1-0

[Event "22nd Capablanca Memorial group B"]
[Site "Camaguey CUB"]
[Date "1987.??.??"]
[Round "7"]
[White "Knezevic, Milorad"]
[Black "Zaichik, Gennady"]
[Result "1/2-1/2"]
[WhiteElo "2445"]
[BlackElo "2500"]
[EventDate "1987.05.20"]
[PlyCount "29"]

1.d4 d5 2.c4 c6 3.cxd5 cxd5 4.Nc3 Nf6 5.Bf4 Nc6 6.e3 Bf5 7.Nf3 e6 8.Bd3 
Bxd3 9.Qxd3 Bd6 10.Bxd6 Qxd6 11.O-O O-O 12.Rac1 Rfc8 13.a3 h6 14.h3 a6 15.
Nd2 1/2-1/2

[Event "22nd Capablanca Memorial group B"]
[Site "Camaguey CUB"]
[Date "1987.??.??"]
[Round "7"]
[White "Andres Mendez, Miguel"]
[Black "Sieiro Gonzalez, Luis"]
[Result "1/2-1/2"]
[WhiteElo "2400"]
[BlackElo "2430"]
[EventDate "1987.05.20"]
[PlyCount "31"]

1.e4 d5 2.exd5 Nf6 3.d4 Nxd5 4.Nf3 g6 5.Be2 Bg7 6.O-O O-O 7.c3 Nc6 8.Re1 
Bf5 9.Bf1 Re8 10.Na3 e5 11.dxe5 Nxe5 12.Nxe5 Rxe5 13.Rxe5 Bxe5 14.Nc4 Bg7 
15.Ne3 Nxe3 16.Bxe3 1/2-1/2